INTRODUCTION TO OPERATIONS RESEARCH (Record no. 568634)
[ view plain ]
| 000 -LEADER | |
|---|---|
| fixed length control field | 00301nam a22001097a 4500 |
| 082 ## - DEWEY DECIMAL CLASSIFICATION NUMBER | |
| Classification number | 658.4034 CHU'I |
| 100 ## - MAIN ENTRY--PERSONAL NAME | |
| Personal name | CHURCHMAN, C. WEST,ARNOFF, E LEONARDO,ACKOFF, RUSSELL L |
| 9 (RLIN) | 58433 |
| 245 ## - TITLE STATEMENT | |
| Title | INTRODUCTION TO OPERATIONS RESEARCH |
| 260 ## - PUBLICATION, DISTRIBUTION, ETC. | |
| Place of publication, distribution, etc. | NEWYORK |
| Name of publisher, distributor, etc. | JOHN WILEY |
| Date of publication, distribution, etc. | 1961 |
| 300 ## - PHYSICAL DESCRIPTION | |
| Extent | 645P |
| 942 ## - ADDED ENTRY ELEMENTS (KOHA) | |
| Koha item type | Book |
| Withdrawn status | Lost status | Damaged status | Not for loan | Permanent Location | Current Location | Shelving location | Date acquired | Total Checkouts | Full call number | Barcode | Date last seen | Price effective from | Koha item type |
|---|---|---|---|---|---|---|---|---|---|---|---|---|---|
| College of Electrical & Mechanical Engineering (CEME) | College of Electrical & Mechanical Engineering (CEME) | General Stacks | 07/17/2017 | 658.4034 CHU'I | CEME-3076 | 06/28/2021 | 06/28/2021 | Book |
